<?xml version="1.0" encoding="UTF-8"?>
<collection xmlns="http://www.loc.gov/MARC21/slim">
 <record>
  <leader>08200cam a2200925 c 4500</leader>
  <controlfield tag="001">1330096819</controlfield>
  <controlfield tag="003">DE-627</controlfield>
  <controlfield tag="005">20250225104119.0</controlfield>
  <controlfield tag="007">tu</controlfield>
  <controlfield tag="008">061219s2005    gw |||||      00| ||ger c</controlfield>
  <datafield tag="015" ind1=" " ind2=" ">
   <subfield code="a">05,N39,1172</subfield>
   <subfield code="2">dnb</subfield>
  </datafield>
  <datafield tag="015" ind1=" " ind2=" ">
   <subfield code="a">05,A45,1350</subfield>
   <subfield code="2">dnb</subfield>
  </datafield>
  <datafield tag="016" ind1="7" ind2=" ">
   <subfield code="a">97625770X</subfield>
   <subfield code="2">DE-101</subfield>
  </datafield>
  <datafield tag="020" ind1=" " ind2=" ">
   <subfield code="a">3899231023</subfield>
   <subfield code="9">3-89923-102-3</subfield>
  </datafield>
  <datafield tag="024" ind1="3" ind2=" ">
   <subfield code="a">9783899231021</subfield>
  </datafield>
  <datafield tag="035" ind1=" " ind2=" ">
   <subfield code="a">(DE-627)1330096819</subfield>
  </datafield>
  <datafield tag="035" ind1=" " ind2=" ">
   <subfield code="a">(DE-576)260096814</subfield>
  </datafield>
  <datafield tag="035" ind1=" " ind2=" ">
   <subfield code="a">(DE-599)DNB97625770X</subfield>
  </datafield>
  <datafield tag="035" ind1=" " ind2=" ">
   <subfield code="a">(OCoLC)254465441</subfield>
  </datafield>
  <datafield tag="035" ind1=" " ind2=" ">
   <subfield code="a">(OCoLC)63763963</subfield>
  </datafield>
  <datafield tag="035" ind1=" " ind2=" ">
   <subfield code="a">(OCoLC)254465441</subfield>
  </datafield>
  <datafield tag="040" ind1=" " ind2=" ">
   <subfield code="a">DE-627</subfield>
   <subfield code="b">ger</subfield>
   <subfield code="c">DE-627</subfield>
   <subfield code="e">rakwb</subfield>
  </datafield>
  <datafield tag="041" ind1=" " ind2=" ">
   <subfield code="a">ger</subfield>
  </datafield>
  <datafield tag="044" ind1=" " ind2=" ">
   <subfield code="c">XA-DE-ST</subfield>
  </datafield>
  <datafield tag="050" ind1=" " ind2="0">
   <subfield code="a">NA7741.L43</subfield>
  </datafield>
  <datafield tag="082" ind1="0" ind2=" ">
   <subfield code="a">720</subfield>
  </datafield>
  <datafield tag="082" ind1="0" ind2=" ">
   <subfield code="a">720</subfield>
   <subfield code="a">720</subfield>
   <subfield code="q">BSZ</subfield>
  </datafield>
  <datafield tag="082" ind1="0" ind2="4">
   <subfield code="a">720</subfield>
  </datafield>
  <datafield tag="084" ind1=" " ind2=" ">
   <subfield code="a">9,10</subfield>
   <subfield code="2">ssgn</subfield>
  </datafield>
  <datafield tag="084" ind1=" " ind2=" ">
   <subfield code="a">NR 6760</subfield>
   <subfield code="2">rvk</subfield>
   <subfield code="0">(DE-625)rvk/129666:</subfield>
  </datafield>
  <datafield tag="084" ind1=" " ind2=" ">
   <subfield code="a">LK 78999</subfield>
   <subfield code="q">BVB</subfield>
   <subfield code="2">rvk</subfield>
   <subfield code="0">(DE-625)rvk/98227:</subfield>
  </datafield>
  <datafield tag="084" ind1=" " ind2=" ">
   <subfield code="a">LK 10800</subfield>
   <subfield code="q">BVB</subfield>
   <subfield code="2">rvk</subfield>
   <subfield code="0">(DE-625)rvk/97527:2</subfield>
  </datafield>
  <datafield tag="084" ind1=" " ind2=" ">
   <subfield code="a">NZ 28300</subfield>
   <subfield code="q">BSZ</subfield>
   <subfield code="2">rvk</subfield>
  </datafield>
  <datafield tag="084" ind1=" " ind2=" ">
   <subfield code="a">15.48</subfield>
   <subfield code="2">bkl</subfield>
  </datafield>
  <datafield tag="084" ind1=" " ind2=" ">
   <subfield code="a">21.71</subfield>
   <subfield code="2">bkl</subfield>
  </datafield>
  <datafield tag="090" ind1=" " ind2=" ">
   <subfield code="a">a</subfield>
  </datafield>
  <datafield tag="245" ind1="0" ind2="0">
   <subfield code="a">Schloss Leitzkau</subfield>
   <subfield code="c">Herausgegeben von Boje E. Hans Schmuhl in Verbindung mit Konrad Breitenborn. [Stiftung Dome und Schlösser in Sachsen-Anhalt]</subfield>
  </datafield>
  <datafield tag="263" ind1=" " ind2=" ">
   <subfield code="a">Gewebe : EUR 34.00</subfield>
  </datafield>
  <datafield tag="264" ind1=" " ind2="1">
   <subfield code="a">Halle an der Saale</subfield>
   <subfield code="b">Stekovics</subfield>
   <subfield code="c">2005</subfield>
  </datafield>
  <datafield tag="300" ind1=" " ind2=" ">
   <subfield code="a">480 Seiten</subfield>
   <subfield code="b">Illustrationen, Karten</subfield>
   <subfield code="c">25 cm, 1625 gr.</subfield>
  </datafield>
  <datafield tag="336" ind1=" " ind2=" ">
   <subfield code="a">Text</subfield>
   <subfield code="b">txt</subfield>
   <subfield code="2">rdacontent</subfield>
  </datafield>
  <datafield tag="337" ind1=" " ind2=" ">
   <subfield code="a">ohne Hilfsmittel zu benutzen</subfield>
   <subfield code="b">n</subfield>
   <subfield code="2">rdamedia</subfield>
  </datafield>
  <datafield tag="338" ind1=" " ind2=" ">
   <subfield code="a">Band</subfield>
   <subfield code="b">nc</subfield>
   <subfield code="2">rdacarrier</subfield>
  </datafield>
  <datafield tag="490" ind1="1" ind2=" ">
   <subfield code="a">Schriftenreihe der Stiftung Dome und Schlösser in Sachsen-Anhalt</subfield>
   <subfield code="v">3</subfield>
  </datafield>
  <datafield tag="500" ind1=" " ind2=" ">
   <subfield code="a">Mit Chronologie und Reg</subfield>
  </datafield>
  <datafield tag="520" ind1=" " ind2=" ">
   <subfield code="a">Am 18. August 995 erstmals in einer Urkunde Kaiser Ottos III. erwähnt, bekam Leitzkau vor allem durch das hier seit 1138/39 angesiedelte Prämonstratenserchorherrenstift historische Bedeutung. Als im September 1155 Erzbischof Wichmann von Magdeburg und Bischof Wigger von Brandenburg die neue Basilika des Leitzkauer Stiftes weihten, war auch Albrecht der Bär in Leitzkau. Mit der Wiedereinrichtung des Brandenburger Bistums und seines Domstiftes zwischen 1161 und 1165 verlor der Leitzkauer Konvent aber seine bisher führende Position in der Diözese Brandenburg. Kurfürst Joachim II. von Brandenburg nahm 1535 das säkularisierte Stift in seinen Besitz, das dann 1564 der berühmte, von der Weser stammende Obrist Hilmar von Münchhausen kaufte. In eine imposante Schloßanlage umgebaut, gilt diese heute als das östlichste Beispiel der Weserrenaissance und zugleich als Kleinod deutscher Architekturgeschichte. Fast vier Jahrhunderte lang blieb Schloß Leitzkau im Besitz der Familie von Münchhausen, die 1945 durch die Bodenreform enteignet wurde. - Der vorliegende Band befaßt sich mit der historischen Bedeutung des Prämonstratenserstiftes, der wechselvollen Geschichte des Leitzkauer Renaissanceschlosses sowie mit wichtigen Personen und Ereignissen der Familiengeschichte derer von Münchhausen. Mit ihm liegt nunmehr die erste umfassende Darstellung zur Geschichte des Leitzkauer Schlosses vor.</subfield>
  </datafield>
  <datafield tag="520" ind1=" " ind2=" ">
   <subfield code="a">Am 18. August 995 erstmals in einer Urkunde Kaiser Ottos III. erwähnt, bekam Leitzkau vor allem durch das hier seit 1138/39 angesiedelte Prämonstratenserchorherrenstift historische Bedeutung. Als im September 1155 Erzbischof Wichmann von Magdeburg und Bischof Wigger von Brandenburg die neue Basilika des Leitzkauer Stiftes weihten, war auch Albrecht der Bär in Leitzkau. Mit der Wiedereinstellung des Brandenburger Bistums und seines Domstiftes zwischen 1161 und 1165 verlor der Leitzkauer Konvent aber seine bisher führende Position in der Diözese Brandenburg.Kurfürst Joachim II. von Brandenburg nahm 1535 das säkularisierte Stift in seinen Besitz, das dann 1564 der berühmte, von der Weser stammende Obrist Hilmar von Münchhausen kaufte. In eine imposante Schlossanlage umgebaut, gilt diese heute als das östlichste Beispiel der Weserrenaissance und zugleich als Kleinod deutscher Architekturgeschichte. Fast vier Jahrhunderte lang blieb das Schloss Leitzkau im Besitz der Familie von Münchhausen, die 1945 durch die Bodenreform enteignet wurde. Das Gebäudeensemble bestand aus Schloss Neuhaus, der Schlosskirche sowie aus Schloss Hobeck und Schloss Althaus, das - durch Kriegseinwirkung im April 1945 stark beschädigt - schließlich so in Verfall geriet, dass es Anfang der 1950er Jahre abgerissen werden musste. Heute nutzt die Stiftung Dome und Schlösser in Sachsen-Anhalt das Schloss als Verwaltungssitz.Der vorliegende Band befasst sich mit der historischen Bedeutung des Prämonstratenserstiftes, der wechselvollen Geschichte des Leitzkauer Renaissanceschlosses sowie mit wichtigen Personen und Ereignissen der Familiengeschichte derer von Münchhausen. Mit ihm liegt nun die erste umfassende und reich bebilderte Darstellung zur Geschichte des Leitzkauer Schlosses vor.</subfield>
  </datafield>
  <datafield tag="583" ind1="1" ind2=" ">
   <subfield code="a">Archivierung prüfen</subfield>
   <subfield code="c">20200919</subfield>
   <subfield code="f">DE-640</subfield>
   <subfield code="z">1</subfield>
   <subfield code="2">pdager</subfield>
  </datafield>
  <datafield tag="583" ind1="1" ind2=" ">
   <subfield code="a">Archivierung/Langzeitarchivierung gewährleistet</subfield>
   <subfield code="f">PEST</subfield>
   <subfield code="x">XA-DE-ST</subfield>
   <subfield code="2">pdager</subfield>
   <subfield code="5">DE-3</subfield>
  </datafield>
  <datafield tag="583" ind1="1" ind2=" ">
   <subfield code="a">Archivierung/Langzeitarchivierung gewährleistet</subfield>
   <subfield code="f">SSG</subfield>
   <subfield code="x">XA-DE-BW</subfield>
   <subfield code="2">pdager</subfield>
   <subfield code="5">DE-16</subfield>
  </datafield>
  <datafield tag="583" ind1="1" ind2=" ">
   <subfield code="a">Archivierung prüfen</subfield>
   <subfield code="c">20240324</subfield>
   <subfield code="f">DE-4165</subfield>
   <subfield code="z">1</subfield>
   <subfield code="2">pdager</subfield>
  </datafield>
  <datafield tag="650" ind1=" " ind2="0">
   <subfield code="a">Castles</subfield>
   <subfield code="z">Germany</subfield>
   <subfield code="z">Leitzkau</subfield>
  </datafield>
  <datafield tag="651" ind1=" " ind2="0">
   <subfield code="a">Schloss Leitzkau (Leitzkau, Germany)</subfield>
  </datafield>
  <datafield tag="651" ind1=" " ind2="0">
   <subfield code="a">Leitzkau (Germany)</subfield>
   <subfield code="x">Buildings, structures, etc</subfield>
  </datafield>
  <datafield tag="655" ind1=" " ind2="7">
   <subfield code="a">Aufsatzsammlung</subfield>
   <subfield code="0">(DE-588)4143413-4</subfield>
   <subfield code="0">(DE-627)105605727</subfield>
   <subfield code="0">(DE-576)209726091</subfield>
   <subfield code="2">gnd-content</subfield>
  </datafield>
  <datafield tag="689" ind1="0" ind2="0">
   <subfield code="d">g</subfield>
   <subfield code="0">(DE-588)4434639-6</subfield>
   <subfield code="0">(DE-627)222526009</subfield>
   <subfield code="0">(DE-576)212411152</subfield>
   <subfield code="a">Schloss Leitzkau</subfield>
   <subfield code="2">gnd</subfield>
  </datafield>
  <datafield tag="689" ind1="0" ind2="1">
   <subfield code="a">z</subfield>
   <subfield code="2">gnd</subfield>
   <subfield code="a">Geschichte</subfield>
  </datafield>
  <datafield tag="689" ind1="0" ind2=" ">
   <subfield code="5">DE-101</subfield>
  </datafield>
  <datafield tag="700" ind1="1" ind2=" ">
   <subfield code="a">Schmuhl, Boje</subfield>
   <subfield code="e">HerausgeberIn</subfield>
   <subfield code="0">(DE-588)120348845</subfield>
   <subfield code="0">(DE-627)501108661</subfield>
   <subfield code="0">(DE-576)179156659</subfield>
   <subfield code="4">edt</subfield>
  </datafield>
  <datafield tag="700" ind1="1" ind2=" ">
   <subfield code="a">Breitenborn, Konrad</subfield>
   <subfield code="d">1950-</subfield>
   <subfield code="e">HerausgeberIn</subfield>
   <subfield code="0">(DE-588)137314388</subfield>
   <subfield code="0">(DE-627)591605333</subfield>
   <subfield code="0">(DE-576)160416981</subfield>
   <subfield code="4">edt</subfield>
  </datafield>
  <datafield tag="787" ind1="0" ind2="8">
   <subfield code="i">Rezension</subfield>
   <subfield code="a">Rohm, Antje</subfield>
   <subfield code="t">Mit Dauerausstellung und Buch erstmals kompakter Einblick in Schlossgeschichte</subfield>
   <subfield code="d">2005</subfield>
   <subfield code="w">(DE-627)666315396</subfield>
  </datafield>
  <datafield tag="810" ind1="2" ind2=" ">
   <subfield code="a">Stiftung Dome und Schlösser in Sachsen-Anhalt</subfield>
   <subfield code="t">Schriftenreihe der Stiftung Dome und Schlösser in Sachsen-Anhalt</subfield>
   <subfield code="v">3</subfield>
   <subfield code="9">3</subfield>
   <subfield code="w">(DE-627)49778355X</subfield>
   <subfield code="w">(DE-576)9497783558</subfield>
   <subfield code="w">(DE-600)2201466-4</subfield>
   <subfield code="7">am</subfield>
  </datafield>
  <datafield tag="856" ind1="4" ind2="2">
   <subfield code="u">https://swbplus.bsz-bw.de/bsz260096814inh.htm</subfield>
   <subfield code="m">V:DE-576</subfield>
   <subfield code="q">application/pdf</subfield>
   <subfield code="3">Inhaltsverzeichnis</subfield>
  </datafield>
  <datafield tag="856" ind1="4" ind2="2">
   <subfield code="u">http://www.gbv.de/dms/bsz/toc/bsz260096814inh.pdf</subfield>
   <subfield code="m">V:DE-601</subfield>
   <subfield code="m">B:DE-84</subfield>
   <subfield code="q">pdf/application</subfield>
   <subfield code="x">Verlag</subfield>
   <subfield code="y">Inhaltsverzeichnis</subfield>
   <subfield code="3">Inhaltsverzeichnis</subfield>
  </datafield>
  <datafield tag="856" ind1="4" ind2="2">
   <subfield code="u">http://deposit.dnb.de/cgi-bin/dokserv?id=2677403&amp;prov=M&amp;dok_var=1&amp;dok_ext=htm</subfield>
   <subfield code="m">X: MVB</subfield>
   <subfield code="q">text/html</subfield>
   <subfield code="v">20130501</subfield>
   <subfield code="x">Verlag</subfield>
   <subfield code="3">Inhaltstext</subfield>
  </datafield>
  <datafield tag="856" ind1="4" ind2="2">
   <subfield code="u">http://www.shop.onlinebuch.com/contents/media/t_LEITZKAU_VVZ.jpg</subfield>
   <subfield code="x">Verlag</subfield>
   <subfield code="y">Cover</subfield>
   <subfield code="3">Cover</subfield>
  </datafield>
  <datafield tag="889" ind1=" " ind2=" ">
   <subfield code="w">(DE-627)495891134</subfield>
  </datafield>
  <datafield tag="935" ind1=" " ind2=" ">
   <subfield code="i">mdedup</subfield>
  </datafield>
  <datafield tag="935" ind1=" " ind2=" ">
   <subfield code="i">sf</subfield>
  </datafield>
  <datafield tag="936" ind1="r" ind2="v">
   <subfield code="a">NR 6760</subfield>
   <subfield code="b">Burgen, Schlösser, Residenzen und Herrensitze</subfield>
   <subfield code="k">Geschichte</subfield>
   <subfield code="k">Landes- und Stadtgeschichte (Allgemeine, Deutsche und Österreichische Landes- und Stadtgeschichte, Ausländische Stadtgeschichte, Geschichte der Auslanddeutschen)</subfield>
   <subfield code="k">Deutsche Landesgeschichte im Einzelnen (einschl. ehemaliger deutscher Gebiete)</subfield>
   <subfield code="k">Thüringen, Sachsen, Sachsen-Anhalt</subfield>
   <subfield code="k">Burgen, Schlösser, Residenzen und Herrensitze</subfield>
   <subfield code="0">(DE-627)127147414X</subfield>
   <subfield code="0">(DE-625)rvk/129666:</subfield>
   <subfield code="0">(DE-576)20147414X</subfield>
  </datafield>
  <datafield tag="936" ind1="r" ind2="v">
   <subfield code="a">LK 78999</subfield>
   <subfield code="b">Sonstige Orte</subfield>
   <subfield code="k">Kunstgeschichte</subfield>
   <subfield code="k">Kunst nach Ländern bzw. Kontinenten</subfield>
   <subfield code="k">Deutschland</subfield>
   <subfield code="k">Kunsttopografie Deutschlands</subfield>
   <subfield code="k">Orte Deutschlands</subfield>
   <subfield code="k">Sonstige Orte</subfield>
   <subfield code="0">(DE-627)1270644114</subfield>
   <subfield code="0">(DE-625)rvk/98227:</subfield>
   <subfield code="0">(DE-576)200644114</subfield>
  </datafield>
  <datafield tag="936" ind1="r" ind2="v">
   <subfield code="a">LK 10800</subfield>
   <subfield code="b">allgemein</subfield>
   <subfield code="k">Kunstgeschichte</subfield>
   <subfield code="k">Kunst nach Ländern bzw. Kontinenten</subfield>
   <subfield code="k">Deutschland</subfield>
   <subfield code="k">Deutsche Kunstgeschichte nach Ländern und Landschaften</subfield>
   <subfield code="k">Länder (Verwaltungseinheiten)</subfield>
   <subfield code="k">Sachsen-Anhalt</subfield>
   <subfield code="k">allgemein</subfield>
   <subfield code="0">(DE-627)1271167263</subfield>
   <subfield code="0">(DE-625)rvk/97527:2</subfield>
   <subfield code="0">(DE-576)201167263</subfield>
  </datafield>
  <datafield tag="936" ind1="r" ind2="v">
   <subfield code="a">NZ 28300</subfield>
  </datafield>
  <datafield tag="936" ind1="b" ind2="k">
   <subfield code="a">15.48</subfield>
   <subfield code="j">Sachsen</subfield>
   <subfield code="j">Sachsen-Anhalt</subfield>
   <subfield code="j">Thüringen</subfield>
   <subfield code="x">Geschichte</subfield>
   <subfield code="q">coli-conc RVK-&gt;BK</subfield>
   <subfield code="q">https://coli-conc.gbv.de/api/mappings/69e3174c-4172-4d6d-855c-11f7927ce3c6</subfield>
   <subfield code="0">(DE-627)181571048</subfield>
  </datafield>
  <datafield tag="936" ind1="b" ind2="k">
   <subfield code="a">21.71</subfield>
   <subfield code="j">Geschichte öffentlicher Bauten</subfield>
   <subfield code="0">(DE-627)106421263</subfield>
  </datafield>
  <datafield tag="951" ind1=" " ind2=" ">
   <subfield code="a">BO</subfield>
  </datafield>
  <datafield tag="990" ind1=" " ind2=" ">
   <subfield code="a">Schloss Leitzkau</subfield>
  </datafield>
  <datafield tag="990" ind1=" " ind2=" ">
   <subfield code="a">Geschichte</subfield>
  </datafield>
  <datafield tag="991" ind1=" " ind2=" ">
   <subfield code="a">Rezensiertes Werk</subfield>
  </datafield>
  <datafield tag="999" ind1=" " ind2=" ">
   <subfield code="a">KXP-PPN1330096819</subfield>
   <subfield code="e">4185193351</subfield>
  </datafield>
 </record>
</collection>
